La desigualdad en América Latina : (Record no. 116730)
[ view plain ]
| 000 -CABECERA | |
|---|---|
| campo de control de longitud fija | 00950nam a2200253 a 4500 |
| 005 - FECHA Y HORA DE LA ÚLTIMA TRANSACCIÓN | |
| campo de control | 20250905063953.0 |
| 008 - ELEMENTOS DE LONGITUD FIJA--INFORMACIÓN GENERAL | |
| campo de control de longitud fija | 060522s2004 mx r 000 0 spa d |
| 020 ## - NÚMERO INTERNACIONAL NORMALIZADO PARA LIBROS | |
| Número Internacional Estándar del Libro | 9586825450 |
| 035 ## - NÚMERO DE CONTROL DEL SISTEMA | |
| Número de control de sistema | UPN01000144583 |
| 049 ## - COLECCIÓN | |
| Colección | CG |
| 050 #4 - SIGNATURA TOPOGRÁFICA DE LA BIBLIOTECA DEL CONGRESO | |
| Número de clasificación | HN110.5 |
| Número de documento/Ítem | F4.2 |
| 100 1# - ASIENTO PRINCIPAL--NOMBRE PERSONAL | |
| Nombre de persona | Ferreira, Francisco H. G. |
| 245 13 - MENCIÓN DE TÍTULO | |
| Título | La desigualdad en América Latina : |
| Resto del título | ¿rompiendo con la historia? / |
| Mención de responsabilidad, etc. | Francisco H. G. Ferreira, Michael Walton ; con la colab. de Mark Feige ; tr. Luis Eduardo Fajardo Suárez. |
| 260 ## - PUBLICACIÓN, DISTRIBUCIÓN, ETC. | |
| Lugar de publicación, distribución, etc. | Bogotá : |
| Nombre del editor, distribuidor, etc. | Banco Mundial, |
| Fecha de publicación, distribución, etc. | c2004. |
| 300 ## - DESCRIPCIÓN FÍSICA | |
| Extensión | 64 p. |
| 440 #0 - MENCIÓN DE SERIE/ASIENTO SECUNDARIO--TÍTULO | |
| Título | Desarrollo para todos ; |
| Designación de volumen o secuencia | 1 |
| 534 ## - NOTA SOBRE LA VERSIÓN ORIGINAL | |
| Frase introductoria | Traducción de: |
| Mención de título del original | Inequality in Latin America breaking with history? |
| 651 #2 - ASIENTO SECUNDARIO DE MATERIA - NOMBRE GEOGRAFICO | |
| Nombre geográfico | América Latina |
| Subdivisión general | Condiciones sociales |
| 9 (RLIN) | 2836 |
| 651 #4 - ASIENTO SECUNDARIO DE MATERIA - NOMBRE GEOGRAFICO | |
| Nombre geográfico | América Latina |
| Subdivisión general | Condiciones económicas |
| 9 (RLIN) | 2747 |
| 650 #0 - ASIENTO SECUNDARIO DE MATERIA - TERMINO TEMATICO | |
| Término de materia o nombre geográfico como elemento de entrada | Igualdad |
| Subdivisión geográfica | América Latina |
| 9 (RLIN) | 4814 |
| 700 1# - ASIENTO SECUNDARIO--NOMBRE DE PERSONAL | |
| Nombre de persona | Walton, Michael, |
| Término indicativo de función/relación | coaut. |
| 700 1# - ASIENTO SECUNDARIO--NOMBRE DE PERSONAL | |
| Nombre de persona | Feige, Mark, |
| Término indicativo de función/relación | colab. |
| 905 ## - TIPO DE MATERIAL | |
| Tipo de material | Libro |
| Estado de retiro | Estado de pérdida | Fuente del sistema de clasificación o colocación | Estado dañado | No para préstamo | Código de colección | Localización permanente | Ubicación/localización actual | Ubicación en estantería | Total de préstamos | Clasificación | Código de barras | Fecha visto por última vez | Número de copia | Tipo de ítem Koha |
|---|---|---|---|---|---|---|---|---|---|---|---|---|---|---|
| Library of Congress Classification | Colección General | Bib. Gregorio Torres Quintero | Bib. Gregorio Torres Quintero | Planta baja | 7 | HN110.5 F4.2 | 239426 | 31/12/2020 | 1 | Libro | ||||
| Library of Congress Classification | Colección General | Bib. Gregorio Torres Quintero | Bib. Gregorio Torres Quintero | Planta baja | 6 | HN110.5 F4.2 | 239427 | 31/12/2020 | 1 | Libro | ||||
| Library of Congress Classification | Colección General | Bib. Gregorio Torres Quintero | Bib. Gregorio Torres Quintero | Planta baja | 1 | HN110.5 F4.2 | 318011 | 31/12/2020 | 1 | Libro |
